000 01097cam a2200289 a 4500
001 35729
005 20230410102057.0
008 850730s1983 pr fa b s000 0 eng
035 _9(DLC) 83082873
035 _a4244016
010 _a 83082873
020 _a0936708220 (pbk.)
040 _aDLC
_cDLC
_dDLC
043 _anwdr---
050 1 4 _a118 JL 1138
_bD542 1984
082 0 0 _a324.97293
_219
100 2 _aDíaz Santana, Miriam,
_d1946-
245 1 4 _aThe 1982 national elections in the Dominican Republic :
_ba sociological and historical interpretation /
_cMiriam Díaz Santana and Martin F. Murphy.
260 _aRío Piedras, P.R. :
_bInstitute of Caribbean Studies, University of Puerto Rico,
_c1983
_g(1984 printing)
300 _aviii, 76 p., [10] p. of plates :
_bill. ;
_c23 cm.
440 0 _aCaribbean occasional series ;
_vno. 3
504 _aIncludes bibliographical references.
650 0 _aElections
_zDominican Republic.
651 0 _aDominican Republic
_xPolitics and government
_y1961-
700 1 _aMurphy, Martin F.
_q(Martin Francis),
_d1949-
942 _2lcc
_cbk
999 _c18578
_d18578